Normal view
MARC view
Entry Personal Name
001 - CONTROL NUMBER
- control field: 83981
003 - CONTROL NUMBER IDENTIFIER
- control field: OSt
005 - DATE AND TIME OF LATEST TRANSACTION
- control field: 20260409135710.0
008 - FIXED-LENGTH DATA ELEMENTS
- fixed length control field: 260409|| aca||aabn | a|a d
040 ## - CATALOGING SOURCE
- Original cataloging agency: OSt
- Transcribing agency: OSt
100 ## - HEADING--PERSONAL NAME
- Personal name: Ed. by Suresh thakran
670 ## - SOURCE DATA FOUND
- Source citation: Work cat.: (OSt)68999: Ed. by Suresh thakran, Relevance of gandhi to modern civilization, 2021









